000 01019nam a2200277 c 4500
003 BLK
005 20190913121216.0
008 180911b bul|||||r ||||||| ||bul||
010 _a002715
040 _aBLK
041 _aBUL
080 _aСтанчев, Димитър
_x92
_z949.72(092)92
100 1 _aЦЕРОВ, Иван
_eпърви автор
245 0 0 _aДимитър Станчев
260 _aВарна
_bРед. к-т на Варненкото археол. д-во
_fВарна : Новини
300 _a8 с
_c24 см
380 _a9
490 _aМатериали за историята на гр. Варна
490 _aЧастна колекция - Академик Михаил Арнаудов
_gДарение - Основен фонд
501 _aПрил. към Варн. Общин. вестник.
650 _aБиографии
655 _aбългарска история
700 1 _aИв. П. Церов
852 _aМА 4097
942 _cKNG
_n0
944 _aCR
_c1994
999 _c343054
_d343054